Statistics for Video Games by Simile Title

Click here to take the quiz!

General Stats

  • This quiz has been taken 29 times
  • The average score is 7 of 15

Answer Stats

HintAnswer% Correct
Ultimate Italian SiblingsSuper Mario Bros
90%
Impressive Larceny VehicleGrand Theft Auto
86%
Quarry BuildMinecraft
76%
Scarlet Deceased VindicationRed Dead Redemption
76%
Son of the King of IranPrince of Persia
62%
Avenue WarriorStreet Fighter
62%
Bellow of ResponsibilityCall of Duty
57%
Alliance of MythsLeague of Legends
48%
TrembleQuake
43%
Endmost ImaginationFinal Fantasy
38%
Clump AftermathMass Effect
24%
Massive GuyMega Man
19%
Stream Metropolis PriceRiver City Ransom
14%
Cul-de-sacs of FuryStreets of Rage
14%
Drain SieveSyphon Filter
10%

Score Distribution

Percentile by Number Answered

Percent of People with Each Score

Your Score History

You have not taken this quiz